|
|
|
|
| LEADER |
01955nam a2200325 a 4500 |
| 001 |
14115266 |
| 008 |
110515s2007 nyua b 001 0 eng |
| 010 |
|
|
|a 2005027564
|
| 020 |
|
|
|a 0131991280 (student book : alk. paper)
|
| 020 |
|
|
|a 9780131991286 (student book : alk. paper)
|
| 040 |
|
|
|a DLC
|c DLC
|d YDX
|d BAKER
|d YDXCP
|d BTCTA
|d DLC
|d BD-DhAAL
|
| 042 |
|
|
|a pcc
|
| 082 |
0 |
0 |
|a 418.0071
|2 22
|
| 100 |
1 |
|
|a Brown, H. Douglas,
|d 1941-
|
| 245 |
1 |
0 |
|a Principles of language learning and teaching /
|c H. Douglas Brown.
|
| 250 |
|
|
|a 5th ed.
|
| 260 |
|
|
|a White Plains, NY :
|b Pearson Longman,
|c c2007.
|
| 300 |
|
|
|a xiv, 410 p. :
|b ill. ;
|c 24 cm.
|
| 504 |
|
|
|a Includes bibliographical references (p. 319-375) and index.
|
| 541 |
|
|
|e 00022521
|
| 650 |
|
0 |
|a Language and languages
|x Study and teaching.
|
| 650 |
|
0 |
|a Language acquisition.
|
| 852 |
1 |
|
|a Ayesha Abed Library
|c General Shelf.
|
| 942 |
0 |
0 |
|0 4
|
| 999 |
|
|
|c 10824
|d 10824
|
| 952 |
|
|
|0 0
|1 0
|2 ddc
|4 0
|6 418_007100000000000_BRO
|7 0
|9 16457
|a BRACUL
|b BRACUL
|c GEN
|d 2011-05-11
|e Trust Line International
|g 5316.30
|l 6
|m 26
|o 418.0071 BRO
|p 3010022521
|r 2025-06-29
|s 2025-06-19
|t 1
|w 2011-05-16
|y BK
|
| 952 |
|
|
|0 0
|1 0
|2 ddc
|4 0
|6 418_007100000000000_BRO
|7 0
|9 16458
|a BRACUL
|b BRACUL
|c GEN
|d 2011-05-11
|e Trust Line International
|g 5316.30
|l 10
|m 53
|o 418.0071 BRO
|p 3010022522
|r 2019-02-07
|s 2019-02-05
|t 2
|w 2011-05-16
|y BK
|
| 952 |
|
|
|0 0
|1 0
|2 ddc
|4 0
|6 418_007100000000000_BRO
|7 0
|9 16459
|a BRACUL
|b BRACUL
|c GEN
|d 2011-05-11
|e Trust Line International
|g 5316.30
|l 7
|m 16
|o 418.0071 BRO
|p 3010022523
|r 2017-01-08
|s 2016-08-29
|t 3
|w 2011-05-16
|y BK
|
| 952 |
|
|
|0 0
|1 0
|2 ddc
|4 0
|6 418_007100000000000_BRO
|7 0
|9 16460
|a BRACUL
|b BRACUL
|c GEN
|d 2011-05-11
|e Trust Line International
|g 5316.30
|l 12
|m 71
|o 418.0071 BRO
|p 3010022524
|r 2025-06-24
|s 2025-06-22
|t 4
|w 2011-05-16
|y BK
|
| 952 |
|
|
|0 0
|1 0
|2 ddc
|4 0
|6 418_007100000000000_BRO
|7 0
|9 16461
|a BRACUL
|b BRACUL
|c GEN
|d 2011-05-11
|e Trust Line International
|g 5316.30
|l 14
|m 30
|o 418.0071 BRO
|p 3010022525
|r 2026-02-03
|s 2026-02-01
|t 5
|w 2011-05-16
|y BK
|